| 000 | 00415nam a2200133Ia 4500 | ||
|---|---|---|---|
| 008 | 220216s9999 xx 000 0 und d | ||
| 100 | _aKells Andrew | ||
| 245 | 0 | _aAdvances in xNBR latex design and modes of crosslinking for synthetic glove dipping applications. Part.1 | |
| 260 |
_bRubber International Magazine _c2011 |
||
| 300 | _a23-26 | ||
| 650 | _aDipping compounds | ||
| 650 | _aVulcanisation | ||
| 942 | _cJS | ||
| 999 |
_c53890 _d53890 |
||